Project benefits management : linking your project to the business (Record no. 436883)

MARC details
000 -LEADER
fixed length control field 00633nam a2200193Ia 4500
008 - FIXED-LENGTH DATA ELEMENTS--GENERAL INFORMATION
fixed length control field 210417s9999 xx 000 0 und d
020 ## - INTERNATIONAL STANDARD BOOK NUMBER
International Standard Book Number 9780750684774
-- 750684771
082 ## - DEWEY DECIMAL CLASSIFICATION NUMBER
Classification number 658.404 MEL
Item number 2.658.404MEL
245 #0 - TITLE STATEMENT
Title Project benefits management : linking your project to the business
Statement of responsibility, etc. Project benefits management linking your project to the business
250 ## - EDITION STATEMENT
Remainder of edition statement "xviii, 215 p. : ill. ; 25 cm. ; pbk."
260 ## - PUBLICATION, DISTRIBUTION, ETC.
Place of publication, distribution, etc. Amsterdam
Name of publisher, distributor, etc. Elsevier/Butterworth-Heinemann
Date of publication, distribution, etc. 2008
700 ## - ADDED ENTRY--PERSONAL NAME
Personal name "Melton, Trish."
Numeration "Trish Melton, Peter Iles-Smith, Jim Yates. "

No items available.

Find us on the map